000 00542nam a2200229Ia 4500
003 OSt
005 20220916111023.0
006 a|||||r|||| 00| 0
007 ta
008 220915b |||||||| |||| 00| 0 eng d
024 _a116742
037 _cTextbook
040 _beng
_aARTS
_cARTS
041 _aeng
082 _aV46:1:N5, J43
245 0 _aMiddle East : a political and economy survey
250 _a2nd
260 _c1954
650 _aHISTORY
942 _hV46:1:N5, J43
_cTB
_2CC
999 _c103564
_d103564